000 00290nam a22001337a 4500
020 _a0-7195-6485-9
082 _a823
_bHAR/B
100 _aHARDY, JUSTINE
245 _aBOLLYWOOD BOY
260 _aLONDON
_bJOHN MURRAY
_c2003
300 _a264
650 _aNOVEL
_zUNITED KINGDOM
942 _cBK
999 _c3299
_d3299